| 000 | 00818aam a2200313 4500 | ||
|---|---|---|---|
| 005 | 20250602154729.0 | ||
| 008 | 150603b2011 xxu||||| |||| 00| 0 spa d | ||
| 020 | _a9789875271500 | ||
| 041 | _aESP | ||
| 082 | _a614.1 B311t | ||
| 100 |
_aBasile, Alejandro Antonio _95217 |
||
| 245 | _aTratado de Medicina Legal y ciencias afines: para médicos y abogados | ||
| 260 | _aArgentina | ||
| 260 | _bJuridicas Cuyo | ||
| 260 | _c2011 | ||
| 300 | _a878 páginas | ||
| 650 | _aMEDICINA LEGAL | ||
| 650 | _aLESIONOLOGÍA | ||
| 650 | _aPATOLOGÍA MÉDICO LEGAL | ||
| 650 | _aBALÍSTICA | ||
| 650 | _aTANATOLOGÍA | ||
| 650 | _aAGONOLOGÍA | ||
| 650 | _aASFIXIOLOGÍA | ||
| 650 | _aHISTOPATOLOGÍA FORENSE | ||
| 650 | _aTRAUMATISMOS | ||
| 650 | _aSEXOLOGÍA FORENSE | ||
| 942 |
_cBK _2ddc |
||
| 999 |
_c2584 _d2584 |
||